[Event "Canadian op U1600 48th"]
[Site "Toronto"]
[Date "2011.07.14"]
[Round "6"]
[White "France, Kyle"]
[Black "Supol, George"]
[Result "0-1"]
[WhiteElo "1490"]
[BlackElo "1401"]
[PlyCount "130"]
[EventDate "2011.07.09"]
[EventType "swiss"]
[EventRounds "9"]
[EventCountry "CAN"]
[SourceTitle "EXT 2022"]
[Source "ChessBase"]
[SourceDate "2021.10.06"]
[SourceVersion "1"]
[SourceVersionDate "2021.10.06"]
[SourceQuality "1"]

1. f4 d5 2. b3 Nf6 3. Bb2 c5 4. Nf3 h6 5. e3 Nc6 6. Bb5 Bg4 7. 0-0 a6 8. Bxc6+ bxc6 9. d3 Qb6 10. Nbd2 c4 11. Qe1 Bxf3 12. Rxf3 cxd3 13. cxd3 e6 14. Qg3 Qb5 15. Bxf6 gxf6 16. d4 0-0-0 17. a4 Qa5 18. Rf2 f5 19. Qh4 Qc3 20. Re1 Bb4 21. Ree2 Qd3 22. Nf1 Qxb3 23. Rb2 Qxa4 24. Ra2 Qb5 25. Rfb2 a5 26. Qf6 Rh7 27. Nd2 Rg8 28. Nb3 Qd3 29. Kf2 Rhg7 30. g3 Qe4 31. Nd2 Bxd2 32. Rxd2 Qh1 33. Qh4 Rg4 34. Qh3 h5 35. Qg2 Qxg2+ 36. Kxg2 h4 37. Rxa5 Kd7 38. Ra7+ Kd6 39. Rxf7 hxg3 40. hxg3 Rxg3+ 41. Kf2 Rg2+ 42. Ke1 Rg1+ 43. Ke2 R8g2+ 44. Kd3 Rxd2+ 45. Kxd2 Ra1 46. Rb7 Ra4 47. Kc3 Rc4+ 48. Kd3 Ra4 49. Kc3 Ra5 50. Kb4 Ra1 51. Kc3 Ra3+ 52. Rb3 Ra5 53. Rb7 Ra3+ 54. Rb3 Rxb3+ 55. Kxb3 Kc7 56. Ka4 Kb6 57. Kb4 c5+ 58. dxc5+ Kc6 59. Kc3 Kxc5 60. Kd3 d4 61. exd4+ Kd5 62. Ke3 Kc4 63. Kf3 Kxd4 64. Kf2 Ke4 65. Kg3 Ke3 0-1

[Event "Canadian op U1600 48th"]
[Site "Toronto"]
[Date "2011.07.10"]
[Round "2"]
[White "France, Kyle"]
[Black "Pancer, Jeff"]
[Result "1-0"]
[WhiteElo "1490"]
[BlackElo "1256"]
[PlyCount "109"]
[EventDate "2011.07.09"]
[EventType "swiss"]
[EventRounds "9"]
[EventCountry "CAN"]
[SourceTitle "EXT 2022"]
[Source "ChessBase"]
[SourceDate "2021.10.06"]
[SourceVersion "1"]
[SourceVersionDate "2021.10.06"]
[SourceQuality "1"]

1. f4 g6 2. b3 Bg7 3. Nc3 a6 4. Bb2 d6 5. Nf3 h6 6. e4 e6 7. Bc4 b6 8. 0-0 Bb7 9. Rb1 b5 10. Bd3 Nd7 11. Qe2 Ne7 12. Nd1 Bxb2 13. Nxb2 Nf8 14. c4 bxc4 15. Bxc4 Nh7 16. d4 g5 17. f5 Bc8 18. fxe6 fxe6 19. Rbd1 Ng6 20. g3 g4 21. Nd2 h5 22. d5 e5 23. Nd3 h4 24. Rf2 hxg3 25. hxg3 Ng5 26. Rh2 Rxh2 27. Kxh2 Qe7 28. Rh1 Bd7 29. Nb4 Kf7 30. Bxa6 Rh8+ 31. Kg2 Rxh1 32. Kxh1 Qf6 33. Nc6 Nf3 34. Nxf3 gxf3 35. Qf2 Bh3 36. Bf1 Bxf1 37. Qxf1 Nh4 38. Qh3 f2 39. Qf1 Qf3+ 40. Kh2 Qxe4 41. Qxf2+ Qf3 42. Qxf3+ Nxf3+ 43. Kg2 Nd2 44. b4 Nc4 45. Kf3 Na3 46. Ke4 Nb5 47. Kd3 Kf6 48. a4 Na3 49. a5 Nb5 50. a6 Kf5 51. a7 e4+ 52. Ke3 Nxa7 53. Nxa7 Ke5 54. Nb5 Kxd5 55. Nxc7+ 1-0

[Event "Kitchener Winter op"]
[Site "Kitchener"]
[Date "2008.02.17"]
[Round "4"]
[White "Fitzpatrick, Carson"]
[Black "France, Kyle"]
[Result "1-0"]
[WhiteElo "1167"]
[BlackElo "1232"]
[PlyCount "83"]
[EventDate "2008.02.15"]
[EventType "swiss"]
[EventRounds "5"]
[EventCountry "CAN"]
[SourceTitle "EXT 2011"]
[Source "ChessBase"]
[SourceDate "2010.11.26"]
[SourceVersion "1"]
[SourceVersionDate "2010.11.26"]
[SourceQuality "1"]

1. d4 e6 2. Nf3 d5 3. e3 c5 4. Be2 Nc6 5. 0-0 Nf6 6. c4 Be7 7. Nc3 0-0 8. a3 cxd4 9. Nxd4 e5 10. Nxc6 bxc6 11. cxd5 cxd5 12. b4 d4 13. Bf3 Rb8 14. Ne4 dxe3 15. Nxf6+ Bxf6 16. Be4 exf2+ 17. Kh1 Qb6 18. Qf3 Bb7 19. Be3 Qa6 20. Bxf2 Bxe4 21. Qxe4 Rfd8 22. Bg3 Qe6 23. Rae1 Rd4 24. Qxd4 exd4 25. Rxe6 d3 26. Bxb8 fxe6 27. Rd1 Bb2 28. Rxd3 a6 29. Bd6 g5 30. h3 h5 31. g4 hxg4 32. hxg4 Kg7 33. Kg2 Kf6 34. Rb3 Bc1 35. a4 Bf4 36. Bxf4 gxf4 37. Kf3 e5 38. Ke4 Kg5 39. b5 axb5 40. Rxb5 Kxg4 41. Rxe5 Kg3 42. Rg5+ 1-0